Statistiques concernant Les 15 plus grandes villes d'Asie

Cliquez ici pour prendre le quiz!

Statistiques générales

  • Ce quiz a été pris 5,641 fois
  • Le résultat moyen est 11 sur 15

Statistiques - réponses

Population Ville % Correct
40,2 milTokyo
99%
20,4 milPékin
97%
24,7 milSéoul
92%
15,8 milIstamboul
90%
29,4 milDelhi
88%
30,6 milJakarta
85%
24,7 milBombay
80%
35,9 milShanghai
78%
25,2 milManille
78%
18,3 milBangkok
78%
16,6 milCalcutta
63%
17,7 milOsaka
62%
19,5 milDacca
57%
45,6 milCanton
56%
17,3 milKarachi
45%

Distribution des résultats

Percentile by Number Answered

% des personnes avec chaque résultat

Votre développement - résultats

Vous n’avez pas pris ce quiz